SAMOCHODY MARKI OPEL: - Statystyki

Ogólne statystyki
  • Ten quiz został rozwiązany 1 407 razy
  • Średni wynik to 4 z 6
Statystyki odpowiedzi
Odpowiedź % Poprawnych
ASTRA
98%
CORSA
83%
VECTRA
62%
INSIGNIA
60%
ZAFIRA
51%
OMEGA
40%
Nie znaleziono quizów pasujących do podanych kryteriów
Rozkład punktacji
Procent ludzi z każdym wynikiem
Percentyl według liczby udzielonych odpowiedzi
Twoja historia wyników
Nie rozwiązałeś tego quizu